<?xml version="1.0" encoding="UTF-8"?>
<record
    xmlns:xsi="http://www.w3.org/2001/XMLSchema-instance"
    xsi:schemaLocation="http://www.loc.gov/MARC21/slim http://www.loc.gov/standards/marcxml/schema/MARC21slim.xsd"
    xmlns="http://www.loc.gov/MARC21/slim">

  <leader>00978nam a22002777a 4500</leader>
  <controlfield tag="001">6595</controlfield>
  <controlfield tag="003">FISKH</controlfield>
  <controlfield tag="005">20250812132309.0</controlfield>
  <controlfield tag="008">250513b        cb ||||| |||| 00| 0 eng d</controlfield>
  <datafield tag="020" ind1=" " ind2=" ">
    <subfield code="a">076645060310</subfield>
  </datafield>
  <datafield tag="040" ind1=" " ind2=" ">
    <subfield code="a">FISKH</subfield>
    <subfield code="b">eng</subfield>
    <subfield code="c">FISKH</subfield>
    <subfield code="d">FISKH</subfield>
  </datafield>
  <datafield tag="050" ind1=" " ind2=" ">
    <subfield code="a">PZ7.H568 P</subfield>
  </datafield>
  <datafield tag="082" ind1=" " ind2=" ">
    <subfield code="a">428.64 </subfield>
  </datafield>
  <datafield tag="100" ind1=" " ind2=" ">
    <subfield code="a">Hoffman, Joan </subfield>
  </datafield>
  <datafield tag="245" ind1=" " ind2=" ">
    <subfield code="a">Peter's dream : </subfield>
    <subfield code="b">A start to read book </subfield>
    <subfield code="c">Written by Joan Hoffman ; Illustrated by Linda Bronson </subfield>
  </datafield>
  <datafield tag="260" ind1=" " ind2=" ">
    <subfield code="a">Michigan : </subfield>
    <subfield code="b">School Zone Publishing Company, </subfield>
    <subfield code="c">1819. </subfield>
  </datafield>
  <datafield tag="300" ind1=" " ind2=" ">
    <subfield code="a">16 pages : </subfield>
    <subfield code="b">color illustrations ; </subfield>
    <subfield code="c">23 cm </subfield>
  </datafield>
  <datafield tag="490" ind1=" " ind2=" ">
    <subfield code="a">Teacher your child to read :</subfield>
    <subfield code="v">level 2 </subfield>
  </datafield>
  <datafield tag="505" ind1=" " ind2=" ">
    <subfield code="a">G
</subfield>
  </datafield>
  <datafield tag="520" ind1=" " ind2=" ">
    <subfield code="a">Peter dreams of a far away land where boys and girls live without anyone telling them what to do-but there is no one to call when they have bad dreams. </subfield>
  </datafield>
  <datafield tag="521" ind1="8" ind2=" ">
    <subfield code="a">380
</subfield>
    <subfield code="b">Lexile estimate
</subfield>
  </datafield>
  <datafield tag="521" ind1="8" ind2=" ">
    <subfield code="a">G
</subfield>
    <subfield code="b">Raz-Plus
</subfield>
  </datafield>
  <datafield tag="650" ind1=" " ind2=" ">
    <subfield code="a">Dream </subfield>
    <subfield code="v">Fantasy </subfield>
    <subfield code="x">Picture book</subfield>
  </datafield>
  <datafield tag="942" ind1=" " ind2=" ">
    <subfield code="2">ddc</subfield>
    <subfield code="c">BK</subfield>
    <subfield code="n">0</subfield>
  </datafield>
  <datafield tag="999" ind1=" " ind2=" ">
    <subfield code="c">6595</subfield>
    <subfield code="d">6595</subfield>
  </datafield>
  <datafield tag="952" ind1=" " ind2=" ">
    <subfield code="0">0</subfield>
    <subfield code="1">0</subfield>
    <subfield code="2">ddc</subfield>
    <subfield code="4">0</subfield>
    <subfield code="7">0</subfield>
    <subfield code="8">JUVF</subfield>
    <subfield code="a">001</subfield>
    <subfield code="b">001</subfield>
    <subfield code="c">TK Blue</subfield>
    <subfield code="d">2025-05-13</subfield>
    <subfield code="l">0</subfield>
    <subfield code="o">HOF 428.64 PZ7.H568 P </subfield>
    <subfield code="p">2025-1293</subfield>
    <subfield code="r">2025-05-13 09:34:28</subfield>
    <subfield code="t">1</subfield>
    <subfield code="w">2025-05-13</subfield>
    <subfield code="y">BK</subfield>
  </datafield>
  <datafield tag="952" ind1=" " ind2=" ">
    <subfield code="0">0</subfield>
    <subfield code="1">0</subfield>
    <subfield code="2">ddc</subfield>
    <subfield code="4">0</subfield>
    <subfield code="7">0</subfield>
    <subfield code="8">JUVF</subfield>
    <subfield code="a">002</subfield>
    <subfield code="b">002</subfield>
    <subfield code="c">TTP Dark Blue</subfield>
    <subfield code="d">2025-08-12</subfield>
    <subfield code="l">0</subfield>
    <subfield code="o">HOF 428.64 PZ7.H568 P </subfield>
    <subfield code="p">2025-4075</subfield>
    <subfield code="r">2025-08-12 13:23:07</subfield>
    <subfield code="t">2</subfield>
    <subfield code="w">2025-08-12</subfield>
    <subfield code="y">BK</subfield>
  </datafield>
</record>
